| 000 | 00530nam a2200181 a 4500 | ||
|---|---|---|---|
| 001 | 000045812 | ||
| 003 | DO-SdBNP | ||
| 005 | 20250620142448.0 | ||
| 008 | 150515s1999 dr a 000 0 spa d | ||
| 040 |
_aDO-SdBNP _bspa _cBNPHU |
||
| 082 |
_axxxx _bxxxx |
||
| 100 | 1 |
_aGrimaldi Silié, Eleanor, _d1948- _985713 |
|
| 245 | 1 | 0 |
_aMujeres de la patria / _cadaptado Eleanor Grimaldi Silié. |
| 260 |
_aSanto Domingo : _bEl Siglo, _c[1999]. |
||
| 300 |
_a40 p. : _bil. ; _c28 cm. |
||
| 504 | _aBibliografía : p. 34 | ||
| 942 |
_2ddc _cLBS1 |
||
| 999 |
_c45301 _d45301 |
||